| Tag |
First Indicator |
Second Indicator |
Subfields |
| LEADER |
00000cam a2200000 i 4500 |
| 001 |
in00005716621 |
| 005 |
20260319180134.2 |
| 006 |
m o d |
| 007 |
cr cnu---unuuu |
| 008 |
181105s2018 enkab ob 001 0 eng d |
| 010 |
|
|
|z 2018941897
|
| 040 |
|
|
|a N$T
|b eng
|e rda
|e pn
|c N$T
|d N$T
|d EBLCP
|d OCLCF
|d STBDS
|d YOU
|d FIE
|d OH1
|d UBY
|d OCLCQ
|d UKAHL
|d UK5EZ
|d K6U
|d OCLCO
|d SFB
|d OCLCQ
|d OCLCO
|d OCLCQ
|d OCLCO
|d OCLCL
|d CLOUD
|d UKKRT
|d OCLCQ
|d COA
|
| 019 |
|
|
|a 1298430763
|a 1340061526
|
| 020 |
|
|
|a 9780192550767
|q (electronic bk.)
|
| 020 |
|
|
|a 0192550764
|q (electronic bk.)
|
| 020 |
|
|
|a 9780191859663
|
| 020 |
|
|
|a 0191859664
|
| 020 |
|
|
|a 9780192550774
|
| 020 |
|
|
|a 0192550772
|
| 020 |
|
|
|z 0198818777
|
| 020 |
|
|
|z 9780198818779
|
| 024 |
8 |
|
|a (WaSeSS)ssj0002515101
|
| 035 |
|
|
|a (OCoLC)1061147907
|z (OCoLC)1298430763
|z (OCoLC)1340061526
|
| 043 |
|
|
|a e-uk-en
|
| 050 |
|
4 |
|a BR763.Y6
|
| 072 |
|
7 |
|a REL
|x 015000
|2 bisacsh
|
| 082 |
0 |
4 |
|a 274.284
|2 23
|
| 049 |
|
|
|a TXAM
|
| 100 |
1 |
|
|a Pickles, Thomas,
|d 1979-
|e author.
|1 https://id.oclc.org/worldcat/entity/E39PCjwTtc48w8hJCvJbW47wT3
|
| 245 |
1 |
0 |
|a Kingship, society, and the church in Anglo-Saxon Yorkshire /
|c Thomas Pickles.
|
| 264 |
|
1 |
|a Oxford, United Kingdom :
|b Oxford University Press,
|c 2018.
|
| 300 |
|
|
|a 1 online resource :
|b illustrations, maps
|
| 336 |
|
|
|a text
|b txt
|2 rdacontent
|
| 337 |
|
|
|a computer
|b c
|2 rdamedia
|
| 338 |
|
|
|a online resource
|b cr
|2 rdacarrier
|
| 347 |
|
|
|a text file
|2 rdaft
|
| 490 |
1 |
|
|a Medieval history and archaeology
|
| 504 |
|
|
|a Includes bibliographical references and index.
|
| 505 |
0 |
|
|a Introduction -- The Kingdom of the Deirans, 450-650 -- The 'Ecclesiastical Aristocracy', 600-730 -- Politics, conversion, and Christianization, 616-867 -- The 'Ecclesiastical Aristocracy' and the laity, 600-867 -- Kingship, social change, and the church, 867-1066 -- Religious communities, local churches, and the laity, 867-1066.
|
| 520 |
8 |
|
|a Inspired by studies of Carolingian Europe, this book argues that the social strategies of local kin-groups drove conversion to Christianity and church building in Yorkshire from 400-1066 AD. It challenges the emphasis that has been placed on the role and agency of Anglo-Saxon kings in conversion and church building, and moves forward the debate surrounding the 'minster hypothesis' through an inter-disciplinary case study. Members of Deiran kin-groups faced uncertainties that predisposed them to consider conversion as a social strategy, in their rule between 600 and 867. Their decision to convert produced a new social fraction - the 'ecclesiastical aristocracy' - with a distinctive but fragile identity. The 'ecclesiastical aristocracy' transformed kingship, established a network of religious communities, and engaged in the conversion of the laity. The social and political instabilities produced by conversion along with the fragility of ecclesiastical identity resulted in the expropriation and re-organization of many religious communities. Nevertheless, the Scandinavian and West Saxon kings and their nobles allied with wealthy and influential archbishops of York, and there is evidence for the survival, revival, or foundation of religious communities as well as the establishment of local churches.
|
| 588 |
0 |
|
|a Print version record.
|
| 650 |
|
0 |
|a Christianity
|z England
|z Yorkshire.
|
| 651 |
|
0 |
|a Yorkshire (England)
|x Church history.
|
| 650 |
|
6 |
|a Christianisme
|z Angleterre
|z Yorkshire.
|
| 650 |
|
7 |
|a RELIGION
|x Christianity
|x History.
|2 bisacsh
|
| 650 |
|
7 |
|a Christianity
|2 fast
|
| 651 |
|
7 |
|a England
|z Yorkshire
|2 fast
|
| 655 |
|
7 |
|a Electronic books.
|2 local
|
| 655 |
|
7 |
|a Church history
|2 fast
|
| 758 |
|
|
|i has work:
|a Kingship, society, and the church in Anglo-Saxon Yorkshire (Text)
|1 https://id.oclc.org/worldcat/entity/E39PCH34XT9GQhJkygGhfKXR4y
|4 https://id.oclc.org/worldcat/ontology/hasWork
|
| 776 |
0 |
8 |
|i Print version:
|a PICKLES, THOMAS.
|t KINGSHIP, SOCIETY, AND THE CHURCH IN ANGLO-SAXON YORKSHIRE.
|d [Place of publication not identified] : OXFORD UNIV PRESS, 2018
|z 0198818777
|w (OCoLC)1007073553
|
| 830 |
|
0 |
|a Medieval history and archaeology.
|
| 856 |
4 |
0 |
|u http://proxy.library.tamu.edu/login?url=https://academic.oup.com/book/10326
|z Connect to the full text of this electronic book
|t 0
|
| 955 |
|
|
|a Oxford Scholarship Online
|
| 994 |
|
|
|a 92
|b TXA
|
| 999 |
f |
f |
|i 849aff05-af57-49fa-a13d-54d8239b1344
|s 32b19c9e-ca3a-41c6-830f-0cc845f24425
|t 0
|
| 952 |
f |
f |
|a Texas A&M University
|b College Station
|c Electronic Resources
|s www_evans
|d Available Online
|t 0
|e BR763.Y6
|h Library of Congress classification
|
| 998 |
f |
f |
|a BR763.Y6
|t 0
|l Available Online
|